MARC

LEADER 00000nam0a2200000 4500
001 96782
005 20231101214105.0
035 |a (RuTPU)RU\TPU\book\103639 
090 |a 96782 
100 |a 20060518d1956 km y0rusy50 ca 
101 0 |a rus 
102 |a RU 
105 |a a z 000zy 
200 1 |a Автоматизация тепловых сетей и насосно-подогревательных установок ТЭЦ  |e [сборник статей]  |f Научно-техническое общество энергетики и электротехнической промышленности; Киевское областное правление; под ред. В. Д. Бланкмана и А. П. Сафонова 
210 |a Москва  |a Ленинград  |c Госэнергоиздат  |d 1956 
215 |a 120 с.  |c ил. 
610 1 |a автоматизация 
610 1 |a тепловые сети 
610 1 |a ТЭЦ 
610 1 |a подогревательно-насосные установки 
610 1 |a сборники 
610 1 |a задачи 
610 1 |a перспективы 
610 1 |a автоматические регуляторы 
610 1 |a эксплуатация 
675 |a 621.186.2-52  |v 3 
675 |a 697.34-52  |v 3 
702 1 |a Бланкман  |b В. Д.  |4 340 
702 1 |a Сафонов  |b А. П.  |4 340 
712 0 2 |a Научно-техническое общество энергетики и электротехнической промышленности  |2 stltpush  |3 (RuTPU)RU\TPU\col\5721  |9 24118 
712 0 2 |a Киевское областное правление  |2 stltpush  |3 (RuTPU)RU\TPU\col\11310  |9 25032 
801 1 |a RU  |b 63413507  |c 20060518  |g PSBO 
801 2 |a RU  |b 63413507  |c 20230629  |g PSBO 
942 |c BK